Normal view
MARC view
- تأليف السيوطي، جلال الدين عبد الرحمن بن أبي بكر؛ ضبطة وصححه ووضع حواشية فؤاد علي منصور
Entry Personal Name
001 - CONTROL NUMBER
- control field: 27061
003 - CONTROL NUMBER IDENTIFIER
- control field: JO-AjAnu
005 - DATE AND TIME OF LATEST TRANSACTION
- control field: 20230606074613.0
008 - FIXED-LENGTH DATA ELEMENTS
- fixed length control field: 230606|| aca||aabn | a|a d
040 ## - CATALOGING SOURCE
- Original cataloging agency: JO-AjAnu
- Transcribing agency: JO-AjAnu
100 ## - HEADING--PERSONAL NAME
- Personal name: تأليف السيوطي، جلال الدين عبد الرحمن بن أبي بكر؛ ضبطة وصححه ووضع حواشية فؤاد علي منصور
670 ## - SOURCE DATA FOUND
- Source citation: Work cat.: (JO-AjAnu)13900: تأليف السيوطي، جلال الدين عبد الرحمن بن أبي بكر؛ ضبطة وصححه ووضع حواشية فؤاد علي منصور, author, المزهر في علوم اللغة وأنواعها